L'ancienne et la nouvelle théorie des quanta / (Record no. 34268)
[ view plain ]
| 000 -LEADER | |
|---|---|
| campo de control de longitud fija | 00907nam a2200217 i 4500 |
| 001 - NÚMERO DE CONTROL | |
| campo de control | 34268 |
| 003 - IDENTIFICADOR DE NÚMERO DE CONTROL | |
| campo de control | ES-MaACL |
| 005 - FECHA Y HORA DE LA ÚLTIMA TRANSACCIÓN | |
| campo de control | 20250814045117.0 |
| 007 - CAMPO FIJO DE DESCRIPCIÓN FÍSICA--INFORMACIÓN GENERAL | |
| campo de control de longitud fija | t| |
| 008 - DATOS DE LONGITUD FIJA--INFORMACIÓN GENERAL | |
| campo de control de longitud fija | 030204s1930 fr ||||1| fre d |
| 100 1# - ENTRADA PRINCIPAL--NOMBRE DE PERSONA | |
| Nombre de persona | Bloch, Eugène. |
| 9 (RLIN) | 29508 |
| 245 12 - MENCIÓN DEL TÍTULO | |
| Título | L'ancienne et la nouvelle théorie des quanta / |
| Mención de responsabilidad, etc. | par Eugène Bloch. |
| 260 ## - PUBLICACIÓN, DISTRIBUCIÓN, ETC. | |
| Lugar de publicación, distribución, etc. | París : |
| Nombre del editor, distribuidor, etc. | Hermann et Cie, |
| Fecha de publicación, distribución, etc. | 1930 ( |
| Lugar de fabricación/manufactura | Saint-Amand, Cher : |
| Fabricante | R. Bussiére) |
| 300 ## - DESCRIPCIÓN FÍSICA | |
| Extensión | 417 p. : |
| Otras características físicas | il. ; |
| Dimensiones | 25 cm. |
| 500 ## - NOTA GENERAL | |
| Nota general | La préface précise : "Ce livre reproduit, en principe, l'ensemble de deux cours professés à la Sorbonne pendant les années scolaires 1926-1927 et 1928-1929 sur la théorie des quanta." |
| 504 ## - NOTA DE BIBLIOGRAFÍA, ETC. | |
| Nota de bibliografía, etc. | Bibliogr. p. [409]-412. |
| 594 ## - Nota al título y mención de responsabilidad | |
| Nota al título y mención de responsabilidad | Precede al tít.: Cours de physique théorique de la Faculté des sciences de Paris. |
| 650 07 - PUNTO DE ACCESO ADICIONAL DE MATERIA--TÉRMINO DE MATERIA | |
| Término de materia o nombre geográfico como elemento de entrada | Mecánica cuántica |
| Fuente del encabezamiento o término | embne |
| 9 (RLIN) | 14872 |
| 852 ## - LOCALIZACIÓN | |
| Ubicación | ES-MaACL |
| Número de control de estantería | A-2940 |
| Estatus retirado | Estado de pérdida | Estado de daño | No para préstamo | Biblioteca de origen | Biblioteca actual | Ubicación en estantería | Fecha de adquisición | Fuente de adquisición | Total de préstamos | Signatura topográfica completa | Código de barras | Visto por última vez | Precio de reemplazo | Tipo de ítem Koha |
|---|---|---|---|---|---|---|---|---|---|---|---|---|---|---|
| Biblioteca del Ateneo de Madrid | Biblioteca del Ateneo de Madrid | Sala Pecera Planta 1 | 17/01/2008 | A-2940 | 1035741 | 23/02/2023 | 23/02/2023 | Libro impreso |
